Statistics for Flags of Asia Quiz

Click here to take the quiz!

General Stats

  • This quiz has been taken 135,564 times
    (120,994 since last reset)
  • The average score is 33 of 48

Answer Stats

Answer% Correct
China
99%
Israel
95%
Japan
95%
South Korea
94%
India
91%
Vietnam
87%
Turkey
85%
Cyprus
85%
Saudi Arabia
84%
Nepal
83%
Iran
79%
Lebanon
79%
Cambodia
78%
Pakistan
78%
Bangladesh
77%
Malaysia
75%
Bhutan
74%
North Korea
74%
Georgia
73%
Sri Lanka
72%
Iraq
71%
Thailand
68%
Singapore
67%
Kazakhstan
66%
Qatar
65%
Indonesia
64%
Syria
64%
Philippines
62%
Laos
62%
Afghanistan
60%
Taiwan
59%
Myanmar
58%
Armenia
56%
Turkmenistan
56%
Bahrain
56%
Uzbekistan
55%
Azerbaijan
55%
United Arab Emirates
55%
Yemen
53%
Kyrgyzstan
53%
Mongolia
53%
Jordan
52%
Brunei
52%
Kuwait
51%
East Timor
47%
Oman
47%
Maldives
47%
Tajikistan
42%

Score Distribution

Percentile by Number Answered

Percent of People with Each Score

Your Score History

You have not taken this quiz since the last reset